Normal view MARC view
  • Vericat, Isabel

Entry Nombre Personal

Number of records used in: 1

001 - NUMERO DE CONTROL

  • campo de control: 47303

003 - IDENTIFICADOR DE NUMERO DE CONTROL

  • campo de control: DLC

005 - FECHA Y HORA DE LA ÜLTIMA TRANSACCIÓN

  • campo de control: 20221123125138.0

008 - DATOS DE LONGITUD FIJA

  • campo de control de longitud fija: 221123n| azannaabn |n aaa c

010 ## - NÚMERO DE CONTROL DE LA BIBLIOTECA DEL CONGRESO

  • Número de control LC: no2006130939

035 ## - NUMERO DE CONTROL

  • Número de control: (OCoLC)oca07272792

035 ## - NUMERO DE CONTROL

  • Número de control: (CaEvSKY)skya7992363

040 ## - FUENTE DE CATALOGACIÓN

  • Agencia original de catalogación: NjP
  • Lenguaje de catalogación: spa
  • Description conventions: rda
  • Agencia de transcripción: NjP
  • Agencia que lo modifica: MX-SlUA
  • Agencia que lo modifica: MX-MxUPN

100 1# - ENCABEZAMIENTO - NOMBRE PERSONAL

  • Nombre personal: Vericat, Isabel

374 ## - OCUPACIÓN

  • Occupation: Traductora
  • Fuente del término: lcsh

375 ## - GÉNERO

  • Gender: Femenino
  • Fuente del término: lcdgt

377 ## - LENGUA ASOCIADA

  • Language code: spa

670 ## - FUENTE EN LA QUE SE LOCALIZARON DATOS

  • Cita de la fuente: Carlos Monsiváis, 2004:
  • Información localizada: portada (Isabel Vericat)

670 ## - FUENTE EN LA QUE SE LOCALIZARON DATOS

  • Cita de la fuente: El cerebro soñador, 1994:
  • Información localizada: portada (traslation by Isabel Vericat)

902 ## - CATALOGADOR

  • Catalogador: NDAF/231122